Escuela de Administración de Empresas de Barcelona : dedicada exclusivamente a la formación y perfeccionamiento del 'hombre de empresa' dedicada exclusivamente a la formación y perfeccionamiento del 'hombre de empresa'
Descripción Física:
1 f. plegat en 4 parts ; 24 cm
MARC
| LEADER | 00000nam a2200000Ia 4500 | ||
|---|---|---|---|
| 001 | 19581 | ||
| 008 | 160829s1960] xx 000 0 cat d | ||
| 080 | |a FU-8-69 | ||
| 110 | 2 | |a Escuela de Administración de Empresas de Barcelona |9 54864 | |
| 245 | |a Escuela de Administración de Empresas de Barcelona : |b dedicada exclusivamente a la formación y perfeccionamiento del 'hombre de empresa' | ||
| 260 | |a Barcelona : |b [s.n., |c 1960] | ||
| 300 | |a 1 f. plegat en 4 parts ; |c 24 cm | ||
| 590 | |a Inclou un díptic amb el programa del 'Curso Especial Superior de Gestión Gerencial' | ||
| 650 | |a Escuela de Administración de Empresas de Barcelona | ||
| 901 | |a Arxiu | ||
| 942 | |n 1 | ||
| 952 | |0 0 |1 0 |4 0 |6 FU869 |7 1 |9 52878 |a Arxiu |b Arxiu |d 2016-12-01 |l 0 |o FU-8-69 |p 19581 |r 2016-12-01 00:00:00 |w 2016-12-01 |y ARXIU | ||
| 999 | |c 56727 |d 56727 | ||